|
|
|
|
| LEADER |
00000cam a22000004a 4500 |
| 001 |
musev2_45609 |
| 003 |
MdBmJHUP |
| 005 |
20230905044753.0 |
| 006 |
m o d |
| 007 |
cr||||||||nn|n |
| 008 |
100712t20162016enk o 00 0 eng d |
| 020 |
|
|
|a 9780861969142
|
| 020 |
|
|
|z 9780861966608
|
| 035 |
|
|
|a (OCoLC)966771338
|
| 040 |
|
|
|a MdBmJHUP
|c MdBmJHUP
|
| 245 |
0 |
0 |
|a Communications Media, Globalization, and Empire /
|c edited by Oliver Boyd-Barrett.
|
| 264 |
|
1 |
|a New Barnet, Herts, United Kingdom :
|b John Libbey Publishing Ltd, [2016]
|
| 264 |
|
3 |
|a Baltimore, Md. :
|b Project MUSE,
|c 2017
|
| 300 |
|
|
|a 1 online resource (260 pages).
|
| 336 |
|
|
|a text
|b txt
|2 rdacontent
|
| 337 |
|
|
|a computer
|b c
|2 rdamedia
|
| 338 |
|
|
|a online resource
|b cr
|2 rdacarrier
|
| 500 |
|
|
|a "Printed and electronic book orders (Worldwide) : Indiana University Press"--Page iv.
|
| 505 |
0 |
|
|a Globalization, media and empire: an introduction / Oliver Boyd-Barrett -- Cosmopolitans and conquistadors: empires, nations and networks / Graham Murdock -- Film and globalization / Toby Miller and Richard Maxwell -- Cyberspace, globalization and US empire / Oliver Boyd-Barrett -- Globalization, public service broadcasting and citizen responses / Granville Williams -- Regulating globalization: domestic response to international investment in China's media market / Jia Lin -- Xinhua News Agency and globalization: negotiating between the global, the local and the national / Xin Xin -- Localization strategies of international media companies: entering India in the 1990s / Geetika Pathania-Jain -- Transnational media and national vision: television in the liberalized India / Anshu Chatterjee -- Hispanic media globalization / Mercedes Medina -- Deregulation, privatization and the changing global media environment / Richard A. Gershon -- Global advertising in Asia: penetration and transformation of the transnational advertising agencies / Kwangmi Ko Kim -- Toward globalization or localization: multinational advertising in Eastern Europe / Izabella Zandberg -- Global corporations, global public relations / Liese L. Hutchison and John J. Pauly.
|
| 546 |
|
|
|a English.
|
| 588 |
|
|
|a Description based on print version record.
|
| 650 |
1 |
7 |
|a Politieke aspecten.
|2 gtt
|
| 650 |
1 |
7 |
|a Internationalisatie.
|2 gtt
|
| 650 |
1 |
7 |
|a Massamediaindustrie.
|2 gtt
|
| 650 |
|
7 |
|a Imperialismus
|2 gnd
|
| 650 |
|
7 |
|a Globalisierung
|2 gnd
|
| 650 |
|
7 |
|a Massenkommunikation
|2 gnd
|
| 650 |
|
7 |
|a Mass media
|x Social aspects.
|2 fast
|0 (OCoLC)fst01011303
|
| 650 |
|
7 |
|a Mass media
|x Political aspects.
|2 fast
|0 (OCoLC)fst01011278
|
| 650 |
|
7 |
|a Mass media
|x Economic aspects.
|2 fast
|0 (OCoLC)fst01011239
|
| 650 |
|
7 |
|a Mass media and international relations.
|2 fast
|0 (OCoLC)fst01011348
|
| 650 |
|
7 |
|a PERFORMING ARTS
|x Film & Video
|x General.
|2 bisacsh
|
| 650 |
|
7 |
|a PSYCHOLOGY
|x Social Psychology.
|2 bisacsh
|
| 650 |
|
6 |
|a Medias
|x Aspect politique.
|
| 650 |
|
6 |
|a Medias
|x Aspect economique.
|
| 650 |
|
6 |
|a Medias
|x Aspect social.
|
| 650 |
|
6 |
|a Medias et relations internationales.
|
| 650 |
|
0 |
|a Mass media
|x Political aspects.
|
| 650 |
|
0 |
|a Mass media
|x Economic aspects.
|
| 650 |
|
0 |
|a Mass media
|x Social aspects.
|
| 650 |
|
0 |
|a Mass media and international relations.
|
| 655 |
|
7 |
|a Electronic books.
|2 local
|
| 700 |
1 |
|
|a Boyd-Barrett, Oliver,
|e editor.
|
| 710 |
2 |
|
|a Project Muse.
|e distributor
|
| 830 |
|
0 |
|a Book collections on Project MUSE.
|
| 856 |
4 |
0 |
|z Texto completo
|u https://projectmuse.uam.elogim.com/book/45609/
|
| 945 |
|
|
|a Project MUSE - Custom Collection
|
| 945 |
|
|
|a Project MUSE - Archive Complete Supplement V
|
| 945 |
|
|
|a Project MUSE - Archive Film, Theater and Performing Arts Supplement V
|